Регионална библиотека "Любен Каравелов" - Русе

Чудната мелница (Запис номер 148679)

MARC детайли
000 -Лидер
Контролно поле с фиксирана дължина 01680nam a2200349 c 4500
003 - Код на организацията, давaща контролен номер
Контролно поле BLK
005 - Дата и час на последна редакция
Контролно поле 20180422112846.0
008 - Елементи от данни с фиксирана дължина
fixed length control field 180410b bul|||||r ||||||| ||bul||
010 ## - Наследен системен номер
LC control number KNG00154904000
040 ## - Източник на каталожния запис
Идентификатор на билиотеката - собственик на записа BLK
041 ## - Код за език
Код за езика на текст/звукозапис или на отделно заглавие Български
Код за езика КДБФ Български
080 ## - УДК
Текстов определител УДК Литература на балтийските народи
УДК код - определител по УДК 821.17
УДК определител -93-34
УДК - код + определител 821.17-93-34
139 ## - Редно поле
Редна дума Чудната мелница
Авторски знак Чуд - Ч 94
245 10 - Сведения за заглавието
Заглавие Чудната мелница
Подзаглавни данни Приказки на прибалт. народи
Редно поле (дума) състав. Борис Дмитриевич Летов; прев. от рус. Светослав Минков; худож. Стоян Илиев.
250 ## - Област на изданието
Сведения за изданието 3. изд.
257 ## - Страна на издаване
Страна на създаване/издаване Сборници - Свят
260 ## - Област на издателските данни
-- София
Име на издателя, разпространителя и проч. Нар. младеж
Година на издаване 1979
Печатница София : ДПК Д. Благоев
300 ## - Физическа характеристика
Страници 143 с.
Илюстрации и др. с ил., 8 л. ил.
Размери/Мащаб 26 см
380 ## - Жанр
Жанр Детска худож. лит.
490 1# - СЕРИИ (Колекции)
Име на серия Библиотека Приказки от цял свят
№: серия 47
500 ## - Общи забележки
Забележка Прев. от Сказки народов Прибалтики. - 1. изд. 1954 със загл. Приказки на прибалтийските народи.
653 ## - Ключова дума – ненормативна
Ключова дума детска литература
653 ## - Ключова дума – ненормативна
Ключова дума приказки
700 1# - Други автори (авторска отговорност)
Лично име Летов, Борис Дмитриевич
Автороска отговорност (Описва отношението между автора и произведението) състав.
9 (RLIN) 88556
700 1# - Други автори (авторска отговорност)
Лично име Минков, Светослав
Автороска отговорност (Описва отношението между автора и произведението) прев. от рус.
9 (RLIN) 380331
700 1# - Други автори (авторска отговорност)
Лично име Илиев, Стоян
Автороска отговорност (Описва отношението между автора и произведението) худож.
9 (RLIN) 363990
852 ## - Местоположение
Форматна сигнатура Цб ІІ 19244
856 4# - Електронен адрес и достъп
Електронен формат pdf - файл
Път до файла /url/
856 4# - Електронен адрес и достъп
Електронен формат pdf - файл
Път до файла /url/
942 ## - АРТИКУЛИ
Вид на библиотечния материал Книги
Скрит в OPAC Не
944 ## - СЪЗДАВАНЕ И РЕДАКЦИЯ на ЗАПИСА
Създаване/Редакция Създаване
Дата на регистрацията/редакция 21.12.2013
Статус, дата на статуса 21.12.2013 - от С1,Р / 21.12.2013
Служител, извършил регистрацията/редакцията Мартин_Стоянов
944 ## - СЪЗДАВАНЕ И РЕДАКЦИЯ на ЗАПИСА
Създаване/Редакция Редакция
Дата на регистрацията/редакция 21.09.2017
Статус, дата на статуса 21.12.2013 - от С1,Р / 21.12.2013
Служител, извършил регистрацията/редакцията Севдалина_Василева
999 ## - СИСТЕМНИ КОНТРОЛНИ НОМЕРА
Koha biblionumber 148679
Koha biblioitemnumber 148679
Наличности
Код за отписване Код за изгубен артикул Източник на класификационната схема Код за повреда Коз за рестрикции Код за отдаване Артикулен № Име на библиотеката - собственик Име на библиотеката, в която се намира в момента Статус (Текущо местоположение) Дата на вписване в системата Местоположение - отдел Цена в лева Инвентарен номер Систематично азбучна сигнатура Баркод Номер на екземпляра Цена в евро Служебна бележка Служебен тип на артикула Бележка за публиката
  Не е изгубен Universal Decimal Classification Не е повреден само за читалня ползва се в читалня 247655 Регионална библиотека "Любен Каравелов" Русе Регионална библиотека "Любен Каравелов" Русе Хранилище 1979-01-01 Хранилище 0.97 279085 Цб ІІ 19244 120000279085 1 0.50 N: стар фонд Дата: 01.01.1979 Книги  
  Не е изгубен Universal Decimal Classification Не е повреден без рестрикции заемане за дома 247656 Регионална библиотека "Любен Каравелов" Русе Регионална библиотека "Любен Каравелов" Русе Детски отдел 1979-01-01 Детски отдел 0.97 280108 ДХ 820/899/Ч 94 120000280108 2 0.50 N: стар фонд Дата: 01.01.1979 Дата инв: 17.09.2015 Бележки инв: Д2015 Книги  
Изтеглен Не е изгубен   Не е повреден без рестрикции заемане за дома 247657 Регионална библиотека "Любен Каравелов" Русе Регионална библиотека "Любен Каравелов" Русе   1979-01-01 Детски отдел 0.97 280109 ДХ 820/899/Ч 94 280109 3 0.50 N: стар фонд Дата: 01.01.1979 Дата инв: 17.09.2015 Бележки инв: Д2015 Книги Отч.N: 39/2017 , Дата: 07.09.2017
Vip Innovations Ltd, Rousse, Bulgaria 2025